| 000 | 00671nam a22001815i 4500 | ||
|---|---|---|---|
| 001 | 153841 | ||
| 003 | ES-MaACL | ||
| 005 | 20230906205414.0 | ||
| 008 | 970326s1882 sp |||| | spa d | ||
| 040 |
_aCYL _bspa _cCYL |
||
| 110 | 1 |
_aEspaña. _bCortes Generales. _bSenado. _bBiblioteca. _93676 |
|
| 245 | 1 | 0 | _aIndice alfabético por autores de las obras existentes en la Biblioteca del Senado. |
| 260 |
_aMadrid : _b[s.n.], _c1882 ( _fImp. de la viuda é hijos de J.A. Garcia) |
||
| 300 |
_a627 p. ; _c25 cm. |
||
| 610 | 1 |
_aEspaña. _bCortes Generales. _bSenado. _bBiblioteca- _vCatálogos. _9222142 |
|
| 852 |
_aES-MaACL _jD-2232 _z-- Enc. hol. |
||
| 999 |
_c153841 _d153841 |
||